कहा तुम चले गए / (Record no. 208485)
[ view plain ]
| 000 -LEADER | |
|---|---|
| fixed length control field | 00720nam a22001817a 4500 |
| 005 - DATE AND TIME OF LATEST TRANSACTION | |
| control field | 20250114155026.0 |
| 010 ## - LCCN (DPL NO) | |
| LC control number | HIN-129251 |
| 020 ## - INTERNATIONAL STANDARD BOOK NUMBER | |
| International Standard Book Number | 9789355431806 |
| Terms of availability | 699.00 |
| 035 ## - SYSTEM CONTROL NUMBER | |
| System control number | HN-101597 |
| 037 ## - SOURCE OF ACQUISITION | |
| Source of stock number/acquisition | DBAD |
| 082 ## - DEWEY DECIMAL CLASSIFICATION NUMBER | |
| Classification number | 921 |
| 100 ## - MAIN ENTRY--PERSONAL NAME | |
| Personal name | बादल,राजेश |
| 245 ## - TITLE STATEMENT | |
| Title | कहा तुम चले गए / |
| Remainder of title | राजेश बादल |
| 260 ## - PUBLICATION, DISTRIBUTION, ETC. (IMPRINT) | |
| Place of publication, distribution, etc | दिल्ली |
| Name of publisher, distributor, etc | किताबवाला |
| Date of publication, distribution, etc | 2020 |
| 270 ## - ADDRESS | |
| Address | 2356, हडसन लाइन , गुरु तेग बहदुर नगर, |
| City | दिल्ली |
| Postal code | 110009 |
| Telephone number | 9654444181 |
| Electronic mail address | kitabwallah@gmail.com |
| 300 ## - PHYSICAL DESCRIPTION | |
| Extent | 242 पृ. |
| Dimensions | 22 सेमी (सजिल्द ) |
| 942 ## - ADDED ENTRY ELEMENTS (KOHA) | |
| Source of classification or shelving scheme | Dewey Decimal Classification |
| Item type | Hindi Books |
| Classification part | 921 |
| Call number suffix | बादल |
| Withdrawn status | Lost status | Not for loan | Home library | Current library | Date acquired | Source of acquisition | Cost, normal purchase price | Full call number | Barcode | Copy number | Cost, replacement price | Koha item type |
|---|---|---|---|---|---|---|---|---|---|---|---|---|
| Kadipur | Kadipur | 14/01/2025 | DBAD/PUB | 699.00 | 921 बादल | HN-101597 | 1 | 699.00 | Hindi Books |
